000
00266nam a2200109Ia 4500
008
240625s9999 xx 000 0 und d
041
_a
eng
082
_a
332.1 PAD
100
_a
SURESH PADMALATHA
245
_a
MANAGEMENT OF BANKING AND FINANCIAL SERV
260
_c
2010
999
_c
38118
_d
38118